Sports Quiz

Random Sports Quiz

In The Movies: Spiderman Quiz Stats

Quiz not verified by Sporcle

Challenge
Share
Tweet
Embed
Score 0/10 Timer 08:00
0 Plays Today
Hint Answer % Correct
What is Spiderman's name?Peter Parker
98.9%
What is his girlfriends name?Mary Jane
98.3%
True or False. Spiderman was an orphanTrue
95.2%
What state/city does Spiderman live in?Queens, New York
93.1%
What is his best friends name?Harry
92.2%
What year did the movie come out in?2002
89.5%
What is his best friend's dad/secretly?The Green Goblin
88.7%
Is he taller than Mary Jane?Yes
86.5%
What is Spiderman's nickname?Spidey
72.3%
What did his Uncle Ben tell him?With great power comes great responsiblity
6.1%

You're not logged in!

Compare scores with friends on all Sporcle quizzes.
Join for Free
OR
Log In

You Might Also Like...

Show Comments

Extras

Created Dec 16, 2010ReportNominate
Tags:Spiderman

Top Quizzes Today


Score Distribution

Your Account Isn't Verified!

In order to create a playlist on Sporcle, you need to verify the email address you used during registration. Go to your Sporcle Settings to finish the process.

Report this User

Report this user for behavior that violates our Community Guidelines.

Details: